|
|
|
|
| LEADER |
00000cam a2200000 7i4500 |
| 001 |
0000002684 |
| 005 |
20220105103937.0 |
| 020 |
|
|
|a 0746054114
|
| 090 |
0 |
0 |
|a JP
|b AD ENG (2418)
|
| 245 |
1 |
4 |
|a The amazing adventures of :
|b Ulysses
|c Retold byVivian Webb and Heather Amery;Adapted by Katie Daynes:Illustrated by Stephen Cartwright
|
| 260 |
|
|
|a Usbrone :
|b India ,
|c 2004
|
| 440 |
|
|
|a Usborne young reading:Series Two
|
| 500 |
|
|
|a Children age 4-6 years old (yellow)
|
| 650 |
|
0 |
|a Adventure
|x Fiction
|
| 700 |
0 |
|
|a Amery, Heather
|
| 700 |
0 |
|
|a Daynes, Katie
|
| 700 |
0 |
|
|a Webb, Vivian
|
| 999 |
|
|
|a 0000896224
|b Book
|c Children Collection
|e Cawangan Mersing
|
| 999 |
|
|
|a 0000896225
|b Book
|c Children Collection
|e Cawangan Segamat
|
| 999 |
|
|
|a 0000896228
|b Book
|c Children Collection
|e Cawangan Tmn. Ungku Tun Aminah
|
| 999 |
|
|
|a 0000896232
|b Book
|c Children Collection
|e Cawangan Segamat
|
| 999 |
|
|
|a 0000896233
|b Book
|c Children Collection
|e Cawangan Mersing
|
| 999 |
|
|
|a 0000966131
|b Book
|c Children Collection
|e Perbadanan Perpustakaan Awam Johor
|
| 999 |
|
|
|a 0000966132
|b Book
|c Children Collection
|e Perbadanan Perpustakaan Awam Johor
|
| 999 |
|
|
|a 0000966133
|b Book
|c Children Collection
|e Cawangan Tangkak
|
| 999 |
|
|
|a 0000966134
|b Book
|c Children Collection
|e Perbadanan Perpustakaan Awam Johor
|
| 999 |
|
|
|a 0000966135
|b Book
|c Children Collection
|e Perbadanan Perpustakaan Awam Johor
|
| 999 |
|
|
|a 0001041341
|b Book
|c Children Collection
|e Cawangan Pontian
|
| 999 |
|
|
|a 0001041342
|b Book
|c Children Collection
|e Cawangan Bandar Penawar
|
| 999 |
|
|
|a 0001041343
|b Book
|c Children Collection
|e Cawangan Mersing
|
| 999 |
|
|
|a 0001147247
|b Book
|c Children Collection
|e Cawangan Segamat
|
| 999 |
|
|
|a 896235
|b Book
|c Children Collection
|e Cawangan Bandar Penawar
|